| 000 | 00525cam a2200217ua 4500 | ||
|---|---|---|---|
| 001 | 1702 | ||
| 008 | 110805n ii |||gr||||Z||||||eng | ||
| 020 | _a81-903669-0-4 | ||
| 040 | _cMAIN | ||
| 082 | _a578.74073 | ||
| 100 | _aTalukdar, Bibhab, | ||
| 245 | 1 |
_aWonders of pabitora _cby Bibhab Talukdar |
|
| 250 | _a1st. | ||
| 260 |
_a[s.l]: _b[s.n]. |
||
| 300 |
_a56p: _c23cm. |
||
| 653 | _aEnvironmental science | ||
| 653 | _awonders of pabitora | ||
| 653 | _aAnimals | ||
| 700 |
_aBarua, Mrigen, _eAuthor. |
||
| 942 | _cBK | ||
| 999 |
_c1587 _d1587 |
||